000 00832nam a2200253Ia 4500
003 OSt
005 20220923230623.0
006 a|||||r|||| 00| 0
007 ta
008 Pun
020 _c100
024 _a284,623
037 _b934, 23/03/2015, H.K. Prakashan
_cTextual
040 _aARTS
_cARTS
_bPun
041 _2Pun
_aPun
082 _aO153,1N50x, Q3
100 _aਬੋਹਾ, ਦਵਿੰਦਰ ਸਿੰਘ
245 0 _aਜਿੱਥੇ ਕਵਿਤਾ ॥ਤਮ ਨਹੀ੍ਵ ਹੁੰਦੀ
260 _aਚੰਡੀਗੜ
_b ਪੀਪਲਗ਼ ਫੋਰਸ
_c2013
300 _a164ਪੰ
_ccm.
650 _aਪੰਜਾਬੀ ਸਾਹਿਤ
942 _hO153,1N50x, Q3
_cTEXL
_2CC
999 _c386095
_d386095